000 00260nam a22001217a 4500
008 180418b xxu||||| |||| 00| 0 eng d
041 _aeng
080 _a10702
100 _a0
101 _aBTH
245 _aAlgoritme Gjenetike
_cJashari, J
942 _2udc
_cBK
999 _c45286
_d45286